[Event "4NCL Division 2c"]
[Site "Hinckley Island ENG"]
[Date "2014.05.04"]
[Round "10.44"]
[White "Morris, Charles F"]
[Black "Curtis, John E"]
[Result "1/2-1/2"]
[WhiteElo "2142"]
[BlackElo "2102"]
[PlyCount "85"]
[EventDate "2014.05.04"]
[WhiteTeam "South Wales Dragons"]
[BlackTeam "Bristol 1"]

1. c4 e5 2. g3 d6 3. Nc3 f5 4. Bg2 Nf6 5. d3 Be7 6. e4 fxe4 7. Nxe4 O-O 8.
Nxf6+ Bxf6 9. Ne2 Nc6 10. Nc3 Bg5 11. O-O Bxc1 12. Rxc1 Nd4 13. Nd5 c6 14. Ne3
Qg5 15. Rc3 Kh8 16. Nc2 Bg4 17. f3 Nxc2 18. Qxc2 Bh5 19. Qf2 c5 20. f4 exf4 21.
gxf4 Qg4 22. d4 Rae8 23. Rg3 Qe2 24. dxc5 Qxf2+ 25. Rxf2 Re1+ 26. Bf1 dxc5 27.
Rg5 Be8 28. Rxc5 Bc6 29. b4 Rf6 30. b5 Rg6+ 31. Rg5 Be4 32. Re2 Rxe2 33. Bxe2
b6 34. Kf2 Rxg5 35. fxg5 Kg8 36. Ke3 Bb1 37. a3 h6 38. gxh6 gxh6 39. Bd3 Bxd3
40. Kxd3 Kf7 41. Kd4 Ke6 42. c5 bxc5+ 43. Kxc5 1/2-1/2

[Event "4NCL Division 2c"]
[Site "Hinckley Island ENG"]
[Date "2014.05.04"]
[Round "10.46"]
[White "James, David J"]
[Black "Collier, David O"]
[Result "1-0"]
[WhiteElo "2169"]
[BlackElo "2050"]
[PlyCount "53"]
[EventDate "2014.05.04"]
[WhiteTeam "South Wales Dragons"]
[BlackTeam "Bristol 1"]

1. Nf3 Nf6 2. c4 e6 3. Nc3 d5 4. d4 c6 5. Bg5 Be7 6. e3 Nbd7 7. Rc1 O-O 8. Bd3
dxc4 9. Bxc4 Nd5 10. Bxe7 Qxe7 11. O-O Nxc3 12. Rxc3 e5 13. Bb3 e4 14. Nd2 Nf6
15. Rc5 Be6 16. Re5 Nd5 17. Nxe4 f6 18. Rxe6 Qxe6 19. Nc5 Qe8 20. e4 b6 21.
exd5 bxc5 22. dxc6+ Kh8 23. d5 Rc8 24. Ba4 Qe4 25. Re1 Qb4 26. d6 Rfe8 27. Rf1
1-0

[Event "4NCL Division 2c"]
[Site "Hinckley Island ENG"]
[Date "2014.05.04"]
[Round "10.48"]
[White "Lochte, Szilvia"]
[Black "Slade, Theo"]
[Result "0-1"]
[WhiteElo "1902"]
[BlackElo "1812"]
[PlyCount "48"]
[EventDate "2014.05.04"]
[WhiteTeam "South Wales Dragons"]
[BlackTeam "Bristol 1"]

1. d4 Nf6 2. c4 e6 3. Nf3 b6 4. g3 Bb7 5. Bg2 Be7 6. Nc3 O-O 7. O-O Ne4 8. Qc2
Nxc3 9. Qxc3 c5 10. dxc5 bxc5 11. Rd1 f5 12. Bf4 Qc8 13. Qd3 Be4 14. Qd2 Rd8
15. Bd6 Bf6 16. Ne1 Bxg2 17. Nxg2 Qc6 18. Nf4 Qb6 19. Rab1 Nc6 20. Nh5 Be7 21.
Qc3 Nd4 22. Kf1 Qc6 23. f3 Bxd6 24. b4 e5 {White overstepped the time limit}
0-1